Online Catalogue and eLibrary

Re-thinking abortion : (Record no. 4561)

MARC details
000 -LEADER
fixed length control field 00464nam a2200193Ia 4500
005 - DATE AND TIME OF LATEST TRANSACTION
control field 20240607044206.0
008 - FIXED-LENGTH DATA ELEMENTS--GENERAL INFORMATION
fixed length control field 240331s9999 xx 000 0 und d
020 ## - INTERNATIONAL STANDARD BOOK NUMBER
ISBN 041516365X
082 ## - DDC Classification
Item Number - Author Mark BOY
Class No. 363
100 ## - MAIN ENTRY--PERSONAL NAME
Personal name Boyle,M
245 #0 - TITLE STATEMENT
Title Re-thinking abortion :
Remainder of title psychology,gender,power and the law
260 ## - PUBLICATION, DISTRIBUTION, ETC.
Place of publication, distribution, etc. London
Name of publisher, distributor, etc. Routlege
Date of publication, distribution, etc. 1997
300 ## - PHYSICAL DESCRIPTION
Extent (e.g. Volumes, Pages etc.) 164 p.,
650 ## - SUBJECT ADDED ENTRY--TOPICAL TERM
Topical term or geographic name entry element Women
650 ## - SUBJECT ADDED ENTRY--TOPICAL TERM
Topical term or geographic name entry element Gender
650 ## - SUBJECT ADDED ENTRY--TOPICAL TERM
Topical term or geographic name entry element Law
650 ## - SUBJECT ADDED ENTRY--TOPICAL TERM
Topical term or geographic name entry element Psychology
942 ## - Koha item type (Biblio)
Koha item type Books in Stacks (Lending)
Holdings
Lost status Damaged status Collection code Home library Current library Shelving location Date acquired Full call number Accession Number Item type
    Lending WERC Library WERC Library Social Science Cupboard 03/31/2024 363.46 BOY 2698 Books in Stacks (Lending)

© WERC Library